[Event "First Saturday 2008 augusztus GM"]
[Site "Budapest"]
[Date "2008.08.02"]
[Round "1"]
[White "Gonzalez-Quevedo R., Vera"]
[Black "Cabrera Trujillo, Jorge"]
[Result "1/2-1/2"]
[WhiteElo "2493"]
[BlackElo "2423"]
[PlyCount "53"]
[EventDate "2008.08.02"]

1. e4 c5 2. c3 g6 3. d4 cxd4 4. cxd4 d5 5. exd5 Nf6 6. Bc4 Bg7 7. Nc3 Nbd7 8.
h4 Nb6 9. Bb3 Nbxd5 10. Nxd5 Nxd5 11. h5 Be6 12. Nh3 Qa5+ 13. Kf1 O-O-O 14. Ng5
Kb8 15. Nxe6 fxe6 16. Qg4 Qa6+ 17. Kg1 Qd3 18. hxg6 hxg6 19. Rxh8 Rxh8 20. Qxe6
Bxd4 21. Qxd5 Bxf2+ 22. Kxf2 Rf8+ 23. Kg1 Qf1+ 24. Kh2 Rh8+ 25. Kg3 Qe1+ 26.
Kf3 Qf1+ 27. Kg3 1/2-1/2

[Event "First Saturday 2008 augusztus GM"]
[Site "Budapest"]
[Date "2008.08.02"]
[Round "1"]
[White "Eisenbeiser, Amadeus"]
[Black "Genutis, Mindaugas"]
[Result "0-1"]
[WhiteElo "2434"]
[BlackElo "2317"]
[PlyCount "76"]
[EventDate "2008.08.02"]

1. e4 c5 2. c4 b6 3. Nf3 Bb7 4. Nc3 e6 5. d4 cxd4 6. Nxd4 d6 7. g3 Nf6 8. Bg2
a6 9. O-O Qc7 10. Be3 Be7 11. Rc1 O-O 12. Qe2 Nbd7 13. h3 Rac8 14. b3 Rfe8 15.
f4 Bf8 16. Rfe1 Qb8 17. g4 Nc5 18. Bf2 d5 19. cxd5 exd5 20. e5 Nfe4 21. Nxe4
dxe4 22. Be3 Rcd8 23. Rf1 a5 24. Kh1 Ba6 25. Nb5 Rd3 26. a4 Rxb3 27. Bxc5 Bxc5
28. Qxe4 Bb7 29. Qxb7 Rxh3+ 30. Bxh3 Qxb7+ 31. Bg2 Qe7 32. Bf3 Rd8 33. Nd6 Bxd6
34. exd6 Qxd6 35. Rfd1 Qe7 36. Rxd8+ Qxd8 37. f5 h5 38. Rc4 Qd3 0-1

[Event "First Saturday 2008 augusztus GM"]
[Site "Budapest"]
[Date "2008.08.02"]
[Round "1"]
[White "Rajlich, Iweta"]
[Black "Hansen Torbjorn, Ringdal"]
[Result "1/2-1/2"]
[WhiteElo "2417"]
[BlackElo "2423"]
[PlyCount "103"]
[EventDate "2008.08.02"]

1. d4 Nf6 2. c4 e6 3. Nc3 Bb4 4. Qc2 d5 5. cxd5 exd5 6. Bg5 h6 7. Bh4 c5 8.
O-O-O Bxc3 9. Qxc3 g5 10. Bg3 Ne4 11. Qa3 O-O 12. e3 Bf5 13. Bd3 Qc8 14. f3
cxd4+ 15. Kb1 Nc5 16. Bxf5 Qxf5+ 17. Ka1 Qc2 18. Nh3 Ne6 19. Nf2 Nc6 20. e4
dxe4 21. Rc1 Qd2 22. Nxe4 Qa5 23. Qb3 d3 24. h4 d2 25. Rc4 Rfd8 26. hxg5 hxg5
27. Bf2 Qe5 28. Qd1 Rd3 29. Bg3 Qb5 30. b3 Rad8 31. Nf2 R3d4 32. Qc2 Rxc4 33.
bxc4 Qc5 34. Qc3 Qd4 35. Kb2 Nc5 36. Qxd4 Rxd4 37. Kc2 Rxc4+ 38. Kxd2 Ra4 39.
Kc3 Rxa2 40. Kc4 Rc2+ 41. Kd5 a5 42. Rf1 a4 43. Bd6 Nb4+ 44. Ke5 a3 45. Kf5 a2
46. Rh1 Rxf2 47. Bxc5 Nc2 48. Bxf2 b5 49. Ke4 a1=Q 50. Rxa1 Nxa1 51. Kd3 Nb3
52. Be3 1/2-1/2

[Event "First Saturday 2008 augusztus GM"]
[Site "Budapest"]
[Date "2008.08.02"]
[Round "1"]
[White "Hirneise, Tobias"]
[Black "Nguyen Huynh Minh, Huy"]
[Result "1/2-1/2"]
[WhiteElo "2481"]
[BlackElo "2477"]
[PlyCount "36"]
[EventDate "2008.08.02"]

1. e4 c5 2. Nf3 d6 3. d4 cxd4 4. Nxd4 Nf6 5. Nc3 a6 6. Be3 e5 7. Nb3 Be6 8. f3
Be7 9. Qd2 O-O 10. O-O-O Nbd7 11. g4 Rc8 12. g5 Nh5 13. Kb1 Nb6 14. Rg1 g6 15.
h4 Qc7 16. Qf2 Bd8 17. Qd2 Be7 18. Qf2 Bd8 1/2-1/2

[Event "First Saturday 2008 augusztus GM"]
[Site "Budapest"]
[Date "2008.08.03"]
[Round "2"]
[White "Hansen Torbjorn, Ringdal"]
[Black "Duong The, Anh"]
[Result "1-0"]
[WhiteElo "2423"]
[BlackElo "2445"]
[PlyCount "77"]
[EventDate "2008.08.02"]

1. e4 c5 2. Nf3 d6 3. d4 cxd4 4. Nxd4 Nf6 5. Nc3 a6 6. Bg5 e6 7. f4 Qb6 8. Qd2
Nc6 9. Bxf6 gxf6 10. Nb3 Bd7 11. O-O-O O-O-O 12. Kb1 h5 13. h4 Be7 14. Be2 Kb8
15. Rh3 Na5 16. f5 Rc8 17. Nd5 exd5 18. Nxa5 Bd8 19. Ra3 Re8 20. Nxb7 Qxb7 21.
Bxa6 Qc6 22. exd5 Qc5 23. Bxc8 Bxc8 24. Rc3 Ba5 25. Rxc5 Bxd2 26. Rc6 Bf4 27.
a3 Re4 28. Rb6+ Kc7 29. Rb4 Rxb4 30. axb4 Be5 31. Rf1 Ba6 32. c4 Kb6 33. b3 Bc3
34. b5 Bc8 35. Kc2 Bb4 36. Kd3 Kc5 37. Ke4 Bc3 38. g4 hxg4 39. Rg1 1-0

[Event "First Saturday 2008 augusztus GM"]
[Site "Budapest"]
[Date "2008.08.03"]
[Round "2"]
[White "Lorscheid, Gerhard"]
[Black "Fogarasi, Tibor"]
[Result "1/2-1/2"]
[WhiteElo "2348"]
[BlackElo "2429"]
[PlyCount "37"]
[EventDate "2008.08.02"]

1. d4 Nf6 2. c4 g6 3. Nc3 d5 4. Bg5 Ne4 5. Bh4 Nxc3 6. bxc3 c5 7. cxd5 Qxd5 8.
e3 Bg7 9. Qf3 Qd6 10. Bc4 O-O 11. Ne2 cxd4 12. exd4 Nc6 13. O-O e5 14. Bg3 Qf6
15. Qxf6 Bxf6 16. Rad1 exd4 17. Nxd4 Na5 18. Bd5 Bd7 19. Nb3 1/2-1/2

[Event "First Saturday 2008 augusztus GM"]
[Site "Budapest"]
[Date "2008.08.04"]
[Round "3"]
[White "Gonzalez-Quevedo R., Vera"]
[Black "Lorscheid, Gerhard"]
[Result "1/2-1/2"]
[WhiteElo "2493"]
[BlackElo "2348"]
[PlyCount "69"]
[EventDate "2008.08.02"]

1. d4 Nf6 2. c4 g6 3. Nc3 Bg7 4. e4 d6 5. Be2 O-O 6. Nf3 c5 7. O-O cxd4 8. Nxd4
Nc6 9. Be3 Nd7 10. Re1 Nxd4 11. Bxd4 Bxd4 12. Qxd4 Qb6 13. Qd2 Nf6 14. Bf1 Re8
15. Re3 Bd7 16. Rae1 Rac8 17. Nd5 Nxd5 18. exd5 e5 19. dxe6 Rxe6 20. b4 Rxe3
21. Rxe3 Be6 22. Re4 Qc7 23. Rd4 b5 24. cxb5 Qc1 25. Rxd6 Qxd2 26. Rxd2 Rc1 27.
Rd4 Bxa2 28. f3 Kf8 29. Kf2 Rc2+ 30. Ke3 Ke7 31. h4 Be6 32. g4 h6 33. Rd1 Rb2
34. Ra1 Ba2 35. Rc1 1/2-1/2

[Event "First Saturday 2008 augusztus GM"]
[Site "Budapest"]
[Date "2008.08.04"]
[Round "3"]
[White "Eisenbeiser, Amadeus"]
[Black "Kosic, Dragan"]
[Result "1/2-1/2"]
[WhiteElo "2434"]
[BlackElo "2516"]
[PlyCount "23"]
[EventDate "2008.08.02"]

1. e4 e6 2. d4 d5 3. exd5 exd5 4. Bd3 Nc6 5. c3 Bd6 6. Ne2 Nge7 7. O-O Bf5 8.
Bf4 Bxd3 9. Qxd3 O-O 10. Bxd6 Qxd6 11. Nd2 Ng6 12. Rfe1 1/2-1/2

[Event "First Saturday 2008 augusztus GM"]
[Site "Budapest"]
[Date "2008.08.04"]
[Round "3"]
[White "Rajlich, Iweta"]
[Black "Cabrera Trujillo, Jorge"]
[Result "1/2-1/2"]
[WhiteElo "2417"]
[BlackElo "2423"]
[PlyCount "69"]
[EventDate "2008.08.02"]

1. c4 Nf6 2. Nc3 g6 3. e4 d6 4. d3 Bg7 5. Be2 Nc6 6. f4 e5 7. Nf3 Bg4 8. O-O
Nh5 9. f5 Nf4 10. Bxf4 exf4 11. Ne1 Bxe2 12. Nxe2 g5 13. d4 Qe7 14. Qd3 Nb4 15.
Qb3 Qxe4 16. Nc3 Qxd4+ 17. Kh1 Qb6 18. Nf3 Nd3 19. f6 Bh6 20. Qc2 Ne5 21. Nd5
Qc6 22. Nxe5 dxe5 23. Qf5 Kf8 24. Qxe5 Qd6 25. Qf5 c6 26. Qh3 Bg7 27. fxg7+
Kxg7 28. Nc3 Rhe8 29. Rad1 Qe5 30. Rd7 Rad8 31. Rxb7 Rd2 32. Qh5 Qf5 33. Qf3
Re3 34. Qxc6 f3 35. Rb5 1/2-1/2

[Event "First Saturday 2008 augusztus GM"]
[Site "Budapest"]
[Date "2008.08.04"]
[Round "3"]
[White "Duong The, Anh"]
[Black "Genutis, Mindaugas"]
[Result "1/2-1/2"]
[WhiteElo "2445"]
[BlackElo "2317"]
[PlyCount "81"]
[EventDate "2008.08.02"]

1. d4 d5 2. Bg5 h6 3. Bh4 c6 4. e3 Qb6 5. Qc1 e5 6. c3 Nd7 7. Nd2 Bd6 8. Bg3
Qc7 9. dxe5 Nxe5 10. Ngf3 Bf5 11. Nxe5 Bxe5 12. Be2 Nf6 13. O-O Bxg3 14. hxg3
h5 15. Nf3 Bg4 16. Qc2 O-O-O 17. c4 h4 18. cxd5 Nxd5 19. Nxh4 Be6 20. Rfd1 g5
21. Nf3 Rh6 22. Qc5 Rdh8 23. Kf1 Rh1+ 24. Ng1 Kb8 25. e4 b6 26. Qc1 Nf6 27.
Qxg5 Nxe4 28. Qf4 Qxf4 29. gxf4 R8h4 30. f3 Rxf4 31. Bd3 Nc5 32. Kf2 Rd4 33.
Bf1 Rxd1 34. Rxd1 Bxa2 35. b4 Ne6 36. Rd7 Rh7 37. Ba6 Rh8 38. Rb7+ Ka8 39. Re7
Kb8 40. Rb7+ Ka8 41. Re7 1/2-1/2

[Event "First Saturday 2008 augusztus GM"]
[Site "Budapest"]
[Date "2008.08.04"]
[Round "3"]
[White "Hirneise, Tobias"]
[Black "Hansen Torbjorn, Ringdal"]
[Result "1-0"]
[WhiteElo "2481"]
[BlackElo "2423"]
[PlyCount "53"]
[EventDate "2008.08.02"]

1. e4 e5 2. Nf3 Nc6 3. Bb5 a6 4. Ba4 Nf6 5. O-O b5 6. Bb3 Bc5 7. c3 d6 8. d4
Bb6 9. a4 Rb8 10. axb5 axb5 11. Na3 O-O 12. Nxb5 Bg4 13. Bg5 h6 14. Bd5 Ne7 15.
Bxf6 gxf6 16. Ba2 Ng6 17. h3 Bh5 18. g4 Nf4 19. gxh5 Qd7 20. Nh2 Qxb5 21. Qg4+
Kh8 22. Qf5 Rg8+ 23. Kh1 Rg7 24. Rg1 Rbg8 25. Rxg7 Rxg7 26. Bxf7 Qc6 27. d5 1-0

[Event "First Saturday 2008 augusztus GM"]
[Site "Budapest"]
[Date "2008.08.05"]
[Round "4"]
[White "Hansen Torbjorn, Ringdal"]
[Black "Nguyen Huynh Minh, Huy"]
[Result "1/2-1/2"]
[WhiteElo "2423"]
[BlackElo "2477"]
[PlyCount "65"]
[EventDate "2008.08.02"]

1. e4 c5 2. Nf3 d6 3. d4 cxd4 4. Nxd4 Nf6 5. Nc3 a6 6. Bg5 e6 7. f4 h6 8. Bh4
Nbd7 9. Qf3 Qc7 10. O-O-O Be7 11. Be2 b5 12. Bxf6 Nxf6 13. e5 Bb7 14. Qg3 dxe5
15. fxe5 Nd5 16. Nxe6 fxe6 17. Qg6+ Kd7 18. Bg4 Qxe5 19. Nxd5 Qg5+ 20. Qxg5
Bxg5+ 21. Kb1 Bxd5 22. Rxd5+ Kc7 23. Re5 Rhe8 24. Rhe1 Rad8 25. Rxe6 Rxe6 26.
Rxe6 Rd6 27. Re4 Bf6 28. Bf3 Rd2 29. c3 a5 30. a3 Rf2 31. Re2 Rxe2 32. Bxe2 b4
33. cxb4 1/2-1/2

[Event "First Saturday 2008 augusztus GM"]
[Site "Budapest"]
[Date "2008.08.05"]
[Round "4"]
[White "Genutis, Mindaugas"]
[Black "Hirneise, Tobias"]
[Result "1/2-1/2"]
[WhiteElo "2317"]
[BlackElo "2481"]
[PlyCount "63"]
[EventDate "2008.08.02"]

1. d4 Nf6 2. c4 g6 3. Nc3 Bg7 4. e4 d6 5. Nf3 O-O 6. Be2 Bg4 7. d5 Nfd7 8. Nd4
Bxe2 9. Ndxe2 a6 10. O-O b5 11. cxb5 axb5 12. Nxb5 c6 13. dxc6 Nxc6 14. Nbc3
Qa5 15. Be3 Rfb8 16. Qd2 Nc5 17. Rac1 Na4 18. Nxa4 Qxa4 19. b3 Qa6 20. Rc4 Ne5
21. Ra4 Qb7 22. Rxa8 Rxa8 23. f3 Nc6 24. Rc1 Nb4 25. a4 Na6 26. Qd3 Rb8 27. Qb5
Qxb5 28. axb5 Rxb5 29. Rc8+ Bf8 30. Bh6 Rb8 31. Rxb8 Nxb8 32. Bxf8 1/2-1/2

[Event "First Saturday 2008 augusztus GM"]
[Site "Budapest"]
[Date "2008.08.05"]
[Round "4"]
[White "Cabrera Trujillo, Jorge"]
[Black "Duong The, Anh"]
[Result "1/2-1/2"]
[WhiteElo "2423"]
[BlackElo "2445"]
[PlyCount "83"]
[EventDate "2008.08.02"]

1. e4 c5 2. Nf3 d6 3. d4 cxd4 4. Nxd4 Nf6 5. Nc3 a6 6. Be3 e5 7. Nde2 Nc6 8.
Ng3 Be6 9. Be2 g6 10. Qd2 Be7 11. Nd5 Bxd5 12. exd5 Nb8 13. Bh6 Bf8 14. Bxf8
Kxf8 15. O-O h5 16. Qb4 h4 17. Ne4 Nxe4 18. Qxe4 Nd7 19. a4 Rc8 20. a5 Nf6 21.
Qd3 Kg7 22. c4 Re8 23. f4 Qe7 24. f5 e4 25. Qc3 Qe5 26. Qxe5 Rxe5 27. fxg6 fxg6
28. Ra3 Rc7 29. Rb3 Ree7 30. Rh3 g5 31. g3 Kg6 32. gxh4 Rh7 33. h5+ Nxh5 34.
Bxh5+ Rxh5 35. Rxh5 Kxh5 36. b3 Rc5 37. Rf6 Rxa5 38. Rxd6 Kg4 39. Kf2 Kf4 40.
Rf6+ Ke5 41. Re6+ Kf4 42. Rf6+ 1/2-1/2

[Event "First Saturday 2008 augusztus GM"]
[Site "Budapest"]
[Date "2008.08.05"]
[Round "4"]
[White "Kosic, Dragan"]
[Black "Rajlich, Iweta"]
[Result "1/2-1/2"]
[WhiteElo "2516"]
[BlackElo "2417"]
[PlyCount "54"]
[EventDate "2008.08.02"]

1. d4 e6 2. Nf3 c5 3. e3 Nc6 4. Bd3 d5 5. b3 Nf6 6. O-O Be7 7. Bb2 O-O 8. c4
dxc4 9. bxc4 Qb6 10. Qb3 Qxb3 11. axb3 Rd8 12. Rd1 Kf8 13. Nc3 cxd4 14. exd4
Bd7 15. Be2 Be8 16. Nb5 a6 17. Nc7 Rac8 18. Nxe8 Nxe8 19. Ne5 Nb4 20. Bf3 f6
21. Ng4 b6 22. Ne3 Nc7 23. g3 g6 24. h4 a5 25. Kg2 Kf7 26. h5 Bf8 27. hxg6+
hxg6 1/2-1/2

[Event "First Saturday 2008 augusztus GM"]
[Site "Budapest"]
[Date "2008.08.05"]
[Round "4"]
[White "Lorscheid, Gerhard"]
[Black "Eisenbeiser, Amadeus"]
[Result "1/2-1/2"]
[WhiteElo "2348"]
[BlackElo "2434"]
[PlyCount "69"]
[EventDate "2008.08.02"]

1. d4 d6 2. Nf3 Nf6 3. c4 g6 4. Nc3 Bg7 5. e4 O-O 6. Be2 e5 7. d5 Nh5 8. g3 Bh8
9. Bh6 Ng7 10. h4 Bg4 11. Nd2 Bxe2 12. Qxe2 f5 13. h5 Nd7 14. hxg6 hxg6 15.
O-O-O Nf6 16. f3 Qd7 17. Qh2 Rf7 18. Bg5 Ngh5 19. exf5 Qxf5 20. Be3 Rh7 21. g4
Qd3 22. gxh5 Qxe3 23. Qg2 g5 24. h6 Rf7 25. Rde1 Qf4 26. Nce4 Nxe4 27. Rxe4 Qf5
28. Rg4 Bf6 29. Ne4 Kh8 30. Rh5 Rg8 31. Nxg5 Bxg5+ 32. Rhxg5 Rxg5 33. Rxg5 Qh7
34. Qh3 Rf8 35. Kd2 1/2-1/2

[Event "First Saturday 2008 augusztus GM"]
[Site "Budapest"]
[Date "2008.08.05"]
[Round "4"]
[White "Fogarasi, Tibor"]
[Black "Gonzalez-Quevedo R., Vera"]
[Result "1/2-1/2"]
[WhiteElo "2429"]
[BlackElo "2493"]
[PlyCount "24"]
[EventDate "2008.08.02"]

1. e4 c5 2. Nf3 d6 3. d4 Nf6 4. Nc3 cxd4 5. Nxd4 a6 6. f4 e6 7. Qf3 Qb6 8. Nb3
Qc7 9. Bd3 b5 10. O-O Bb7 11. Bd2 Nbd7 12. a4 b4 1/2-1/2

[Event "First Saturday 2008 augusztus GM"]
[Site "Budapest"]
[Date "2008.08.06"]
[Round "5"]
[White "Rajlich, Iweta"]
[Black "Lorscheid, Gerhard"]
[Result "1-0"]
[WhiteElo "2417"]
[BlackElo "2348"]
[PlyCount "85"]
[EventDate "2008.08.02"]

1. Nf3 Nf6 2. c4 d6 3. Nc3 e5 4. d4 Nbd7 5. e4 Be7 6. Be2 O-O 7. O-O c6 8. d5
a6 9. Be3 c5 10. Ne1 Re8 11. g3 Nf8 12. Ng2 Ng6 13. a4 Bh3 14. Ra3 Qc8 15. Re1
Bd8 16. Bf1 h6 17. Bd2 Ba5 18. Nb1 Bxd2 19. Qxd2 Bd7 20. b4 cxb4 21. Qxb4 Qc7
22. Rb3 Rab8 23. a5 Rec8 24. Nc3 Nf8 25. Ra1 Bh3 26. Qb6 N8d7 27. Qxc7 Rxc7 28.
f3 Kf8 29. Ne3 Bxf1 30. Kxf1 g6 31. Na4 Nc5 32. Nxc5 Rxc5 33. Rb4 Ke7 34. Ke2
Nd7 35. Ng4 h5 36. Nf2 Rc7 37. Nd3 Kd8 38. Rab1 f5 39. Ke3 fxe4 40. fxe4 Ke7
41. Kd2 Nf6 42. Re1 Rf8 43. Kc3 1-0

[Event "First Saturday 2008 augusztus GM"]
[Site "Budapest"]
[Date "2008.08.06"]
[Round "5"]
[White "Duong The, Anh"]
[Black "Kosic, Dragan"]
[Result "1/2-1/2"]
[WhiteElo "2445"]
[BlackElo "2516"]
[PlyCount "56"]
[EventDate "2008.08.02"]

1. d4 e6 2. Nf3 c5 3. g3 Nc6 4. Bg2 d5 5. O-O Qb6 6. dxc5 Bxc5 7. Nc3 Bb4 8. e4
d4 9. Na4 Qd8 10. c3 dxc3 11. Qxd8+ Nxd8 12. Nxc3 Bd7 13. Ne5 Nf6 14. Nxd7 Nxd7
15. Nb5 O-O 16. Rd1 Ne5 17. a3 Bc5 18. b4 Bb6 19. Bb2 Ndc6 20. h3 a5 21. Nd6
axb4 22. Rab1 f6 23. axb4 Ra2 24. b5 Na5 25. Bd4 Bxd4 26. Rxd4 Rd8 27. Nf5 Rd2
28. Rxd8+ Rxd8 1/2-1/2

[Event "First Saturday 2008 augusztus GM"]
[Site "Budapest"]
[Date "2008.08.06"]
[Round "5"]
[White "Hirneise, Tobias"]
[Black "Cabrera Trujillo, Jorge"]
[Result "0-1"]
[WhiteElo "2481"]
[BlackElo "2423"]
[PlyCount "84"]
[EventDate "2008.08.02"]

1. e4 c5 2. Nf3 d6 3. d4 cxd4 4. Nxd4 Nf6 5. Nc3 g6 6. Be3 Bg7 7. f3 O-O 8. Qd2
Nc6 9. Bc4 Bd7 10. Bb3 Na5 11. g4 Nxb3 12. cxb3 e5 13. Nde2 d5 14. exd5 b5 15.
g5 b4 16. Ne4 Nxe4 17. fxe4 f5 18. gxf6 Qxf6 19. O-O-O Qa6 20. Kb1 Bg4 21. Rhe1
Bf3 22. Ka1 Rac8 23. Rc1 Bxe4 24. Rxc8 Rxc8 25. Qxb4 Bxd5 26. Nc3 Bf7 27. Rd1
e4 28. Qb5 Qxb5 29. Nxb5 h5 30. Kb1 a6 31. Nc3 Be5 32. Rd2 Be6 33. Kc2 h4 34.
Rf2 h3 35. b4 Bxa2 36. Bc5 Be6 37. Nxe4 Bf5 38. Re2 Bxh2 39. Kb3 Bf4 40. Nd6 h2
41. Re1 Rf8 42. Ka3 Bd7 0-1

[Event "First Saturday 2008 augusztus GM"]
[Site "Budapest"]
[Date "2008.08.06"]
[Round "5"]
[White "Dinger, Florian"]
[Black "Hansen Torbjorn, Ringdal"]
[Result "0-1"]
[WhiteElo "2333"]
[BlackElo "2423"]
[PlyCount "68"]
[EventDate "2008.08.02"]

1. e4 e5 2. Nf3 Nc6 3. Bb5 a6 4. Bxc6 dxc6 5. O-O Bg4 6. h3 Bh5 7. g4 Bg6 8.
Nxe5 f6 9. Nxg6 hxg6 10. Kg2 Qd7 11. d3 O-O-O 12. Bf4 Bd6 13. Bg3 f5 14. Nc3 f4
15. Bh2 Ne7 16. f3 g5 17. Bg1 Be5 18. Bf2 Bd4 19. Qe2 Ng6 20. Nd1 Rh6 21. c3
Bf6 22. d4 Rdh8 23. Rh1 c5 24. Qc4 cxd4 25. cxd4 Bxd4 26. Bxd4 Nh4+ 27. Kf2 Rc6
28. Qb4 Rc2+ 29. Kf1 Nxf3 30. Bf2 Qd3+ 31. Kg2 Nh4+ 32. Kg1 Rd8 33. Bxh4 gxh4
34. Qe1 Re2 0-1

[Event "First Saturday 2008 augusztus GM"]
[Site "Budapest"]
[Date "2008.08.07"]
[Round "6"]
[White "Cabrera Trujillo, Jorge"]
[Black "Nguyen Huynh Minh, Huy"]
[Result "1/2-1/2"]
[WhiteElo "2423"]
[BlackElo "2477"]
[PlyCount "60"]
[EventDate "2008.08.02"]

1. e4 c5 2. Nf3 d6 3. d4 cxd4 4. Nxd4 Nf6 5. Nc3 a6 6. Bg5 e6 7. f4 Nbd7 8. Qf3
Qc7 9. O-O-O b5 10. Bd3 Bb7 11. Rhe1 Be7 12. Qg3 b4 13. Nd5 exd5 14. exd5 Kd8
15. Bh4 Bf8 16. Nc6+ Bxc6 17. dxc6 Nc5 18. Bc4 Ra7 19. Bd5 Qc8 20. Qe3 a5 21.
Qxc5 dxc5 22. Be6+ Kc7 23. Bxc8 Bd6 24. Bb7 a4 25. f5 Ne8 26. Bg3 Bxg3 27. hxg3
Nf6 28. Re7+ Kb6 29. Rd6 Rc8 30. Rxf7 Rc7 1/2-1/2

[Event "First Saturday 2008 augusztus GM"]
[Site "Budapest"]
[Date "2008.08.07"]
[Round "6"]
[White "Kosic, Dragan"]
[Black "Hirneise, Tobias"]
[Result "1-0"]
[WhiteElo "2516"]
[BlackElo "2481"]
[PlyCount "24"]
[EventDate "2008.08.02"]

1. d4 Nf6 2. Nf3 g6 3. g3 Bg7 4. Bg2 O-O 5. O-O d6 6. Nc3 Nbd7 7. e4 e5 8. Re1
b6 9. a4 a6 10. dxe5 dxe5 11. Be3 Bb7 12. Qd2 Re8 1-0

[Event "First Saturday 2008 augusztus GM"]
[Site "Budapest"]
[Date "2008.08.07"]
[Round "6"]
[White "Fogarasi, Tibor"]
[Black "Rajlich, Iweta"]
[Result "1-0"]
[WhiteElo "2429"]
[BlackElo "2417"]
[PlyCount "51"]
[EventDate "2008.08.02"]

1. e4 e6 2. d4 d5 3. exd5 exd5 4. Nf3 Be6 5. Bf4 Ne7 6. Nc3 Ng6 7. Bg3 Bb4 8.
Bd3 Nc6 9. O-O Bxc3 10. bxc3 Qd7 11. Rb1 O-O-O 12. Qc1 Rde8 13. Qa3 f6 14. Nd2
b6 15. Qa6+ Kd8 16. Bb5 Bf7 17. Qb7 Re6 18. c4 Nge7 19. cxd5 Nxd5 20. c4 Nc3
21. d5 Re2 22. Bxc6 Qc8 23. Qxc8+ Kxc8 24. Rb3 Be8 25. Rxc3 Rxd2 26. Re3 1-0

[Event "First Saturday 2008 augusztus GM"]
[Site "Budapest"]
[Date "2008.08.07"]
[Round "6"]
[White "Gonzalez-Quevedo R., Vera"]
[Black "Eisenbeiser, Amadeus"]
[Result "1/2-1/2"]
[WhiteElo "2493"]
[BlackElo "2434"]
[PlyCount "23"]
[EventDate "2008.08.02"]

1. Nf3 d6 2. d4 g6 3. c4 Bg7 4. Nc3 e5 5. dxe5 dxe5 6. Qxd8+ Kxd8 7. Bg5+ f6 8.
O-O-O+ Nd7 9. Bd2 Nh6 10. Rg1 Nf7 11. Ne4 c6 12. g4 1/2-1/2

[Event "First Saturday 2008 augusztus GM"]
[Site "Budapest"]
[Date "2008.08.08"]
[Round "7"]
[White "Rajlich, Iweta"]
[Black "Gonzalez-Quevedo R., Vera"]
[Result "1/2-1/2"]
[WhiteElo "2417"]
[BlackElo "2493"]
[PlyCount "44"]
[EventDate "2008.08.02"]

1. c4 e6 2. Nc3 d5 3. e3 Nf6 4. Nf3 a6 5. d4 dxc4 6. Bxc4 b5 7. Bd3 Bb7 8. O-O
c5 9. dxc5 Bxc5 10. e4 Nbd7 11. Qe2 Qb8 12. Bg5 O-O 13. Bxf6 Nxf6 14. e5 Bxf3
15. gxf3 Nh5 16. Qe4 g6 17. Rfe1 Rd8 18. Rac1 Bd4 19. f4 Qb6 20. Qf3 Bxc3 21.
bxc3 Rac8 22. Be4 Qc7 1/2-1/2

[Event "First Saturday 2008 augusztus GM"]
[Site "Budapest"]
[Date "2008.08.08"]
[Round "7"]
[White "Nguyen Huynh Minh, Huy"]
[Black "Kosic, Dragan"]
[Result "1/2-1/2"]
[WhiteElo "2477"]
[BlackElo "2516"]
[PlyCount "33"]
[EventDate "2008.08.02"]

1. d4 e6 2. c4 Bb4+ 3. Nd2 c5 4. a3 Bxd2+ 5. Qxd2 cxd4 6. Nf3 Nf6 7. Nxd4 O-O
8. e3 d5 9. b3 dxc4 10. Bxc4 e5 11. Nf3 Qe7 12. Qb4 Qc7 13. Bb2 Nc6 14. Qc3 Re8
15. b4 a6 16. h3 Be6 17. Bxe6 1/2-1/2

[Event "First Saturday 2008 augusztus GM"]
[Site "Budapest"]
[Date "2008.08.09"]
[Round "8"]
[White "Cabrera Trujillo, Jorge"]
[Black "Hansen Torbjorn, Ringdal"]
[Result "1/2-1/2"]
[WhiteElo "2423"]
[BlackElo "2423"]
[PlyCount "43"]
[EventDate "2008.08.02"]

1. e4 e5 2. Nf3 Nc6 3. Bb5 a6 4. Ba4 Nf6 5. O-O Be7 6. Re1 b5 7. Bb3 d6 8. c3
O-O 9. h3 Na5 10. Bc2 d5 11. d3 dxe4 12. dxe4 Qxd1 13. Rxd1 Bb7 14. Nbd2 Bd6
15. Re1 Nc6 16. Nf1 Ne7 17. Ng3 Nd7 18. Nh4 Rfd8 19. Nhf5 Nxf5 20. Nxf5 Bf8 21.
Bg5 f6 22. Bh4 1/2-1/2

[Event "First Saturday 2008 augusztus GM"]
[Site "Budapest"]
[Date "2008.08.09"]
[Round "8"]
[White "Kosic, Dragan"]
[Black "Dinger, Florian"]
[Result "1/2-1/2"]
[WhiteElo "2516"]
[BlackElo "2333"]
[PlyCount "138"]
[EventDate "2008.08.02"]

1. d4 Nf6 2. Nf3 e6 3. e3 b6 4. Bd3 Bb7 5. O-O d5 6. b3 Bd6 7. Bb2 O-O 8. Ne5
c5 9. Nd2 Nc6 10. a3 Rc8 11. f4 Ne7 12. Qf3 b5 13. dxc5 Bxc5 14. b4 Bb6 15. Kh1
Ne4 16. Nxe4 dxe4 17. Bxe4 Bxe4 18. Qxe4 Qd5 19. Qxd5 Nxd5 20. Nd7 Rfd8 21.
Nxb6 axb6 22. Bd4 Rxc2 23. h3 f5 24. a4 bxa4 25. Rxa4 Rd7 26. b5 Re2 27. Rfa1
Rc2 28. Ra7 Rcc7 29. Rxc7 Nxc7 30. Ra7 Rf7 31. Bxb6 Nxb5 32. Ra5 Nc3 33. Bd4
Nd5 34. Ra8+ Rf8 35. Ra6 Re8 36. g4 Kf7 37. Kg2 Nf6 38. Kf3 Re7 39. Ra5 g6 40.
g5 Ne4 41. h4 Rc7 42. Ke2 Ke7 43. Ra8 Kd7 44. Be5 Rb7 45. Ra6 Ke7 46. Ra8 Kd7
47. Ra6 Ke7 48. Bd4 Rc7 49. Ra8 Kd7 50. Rh8 Kc6 51. Kd3 Rd7 52. Ra8 Kd5 53.
Ra5+ Kc6 54. Ke2 Rb7 55. Kf3 Rb1 56. Kg2 Rb7 57. Ra8 Kd5 58. Rc8 Kd6 59. Rc1
Kd5 60. Ra1 Kc4 61. Kf3 Rb1 62. Rxb1 Nd2+ 63. Ke2 Nxb1 64. Bg7 Na3 65. Bf8 Nb5
66. Bg7 Nc3+ 67. Kd2 Ne4+ 68. Ke2 Kd5 69. Bh8 Nc5 1/2-1/2

[Event "First Saturday 2008 augusztus GM"]
[Site "Budapest"]
[Date "2008.08.09"]
[Round "8"]
[White "Fogarasi, Tibor"]
[Black "Hirneise, Tobias"]
[Result "1/2-1/2"]
[WhiteElo "2429"]
[BlackElo "2481"]
[PlyCount "79"]
[EventDate "2008.08.02"]

1. e4 e5 2. Nf3 Nc6 3. Bb5 Nd4 4. Nxd4 exd4 5. O-O Bc5 6. d3 c6 7. Ba4 d6 8.
Bb3 Qh4 9. Nd2 Bg4 10. f3 Be6 11. Bxe6 fxe6 12. f4 O-O-O 13. Nf3 Qe7 14. Qe1 d5
15. f5 dxe4 16. Qxe4 Nf6 17. Qxe6+ Qxe6 18. fxe6 Rhe8 19. Bg5 Rxe6 20. Bxf6
Rxf6 21. Ng5 Be7 22. Ne4 Rxf1+ 23. Rxf1 Kd7 24. Rf7 Rg8 25. Kf2 Ke6 26. Rf3 Rd8
27. Ke2 Rd5 28. Kd1 a5 29. a4 b5 30. b3 bxa4 31. bxa4 Rh5 32. h3 Rd5 33. Nd2
Bb4 34. Ne4 Be7 35. Nd2 Rd8 36. Rf1 Bb4 37. Re1+ Kf6 38. Rf1+ Ke6 39. Re1+ Kf6
40. Rf1+ 1/2-1/2

[Event "First Saturday 2008 augusztus GM"]
[Site "Budapest"]
[Date "2008.08.09"]
[Round "8"]
[White "Gonzalez-Quevedo R., Vera"]
[Black "Duong The, Anh"]
[Result "1/2-1/2"]
[WhiteElo "2493"]
[BlackElo "2445"]
[PlyCount "27"]
[EventDate "2008.08.02"]

1. d4 d5 2. c4 c6 3. Nc3 Nf6 4. e3 a6 5. Nf3 b5 6. c5 Nbd7 7. a3 e5 8. b4 e4 9.
Nd2 Be7 10. a4 Rb8 11. axb5 axb5 12. f3 exf3 13. Qxf3 Nf8 14. Bd3 1/2-1/2